00527pab a2200169 454500008004000000100002000040245004900060260000900109300001600118362001100134650003200145650001400177773003400191909001000225999001700235952010500252180718b2006 xxu||||| |||| 00| 0 eng d aSingh, W. Kumar aOverestimation of fertility rates in Manipur c2006 ap.1473-480. a15 Apr aFertility - India - Manipur aFertility aEconomic and Political Weekly a69496 c69496d69496 00104070aIIPAbIIPAd2018-07-19hVolume no: 41, Issue no: 15pAR69952r2018-07-19w2018-07-19yAR